<?xml version="1.0" encoding="UTF-8"?>
<record
    xmlns:xsi="http://www.w3.org/2001/XMLSchema-instance"
    xsi:schemaLocation="http://www.loc.gov/MARC21/slim http://www.loc.gov/standards/marcxml/schema/MARC21slim.xsd"
    xmlns="http://www.loc.gov/MARC21/slim">

  <leader>00827nam2a22002411  4500</leader>
  <controlfield tag="001">RU\NLR\A1SV\126375</controlfield>
  <controlfield tag="005">20251214192128.0</controlfield>
  <datafield tag="035" ind1=" " ind2=" ">
    <subfield code="a">(NLR Aleph) 010447010</subfield>
  </datafield>
  <datafield tag="090" ind1=" " ind2=" ">
    <subfield code="a">13489913</subfield>
    <subfield code="c">13489913</subfield>
  </datafield>
  <datafield tag="100" ind1=" " ind2=" ">
    <subfield code="a">20140507d1924    u  y0rusy50      ca</subfield>
  </datafield>
  <datafield tag="101" ind1="1" ind2=" ">
    <subfield code="a">rus</subfield>
    <subfield code="c">eng</subfield>
  </datafield>
  <datafield tag="200" ind1="1" ind2=" ">
    <subfield code="a">&#x41C;&#x438;&#x441;&#x442;&#x435;&#x440; &#x41F;&#x43E;&#x43B;&#x43B;&#x438;</subfield>
    <subfield code="e">&#x420;&#x43E;&#x43C;&#x430;&#x43D;</subfield>
    <subfield code="f">&#x41F;&#x435;&#x440;. &#x422;.&#x411;&#x430;&#x440;&#x432;&#x435;&#x43D;&#x43A;&#x43E;&#x432;&#x43E;&#x439;</subfield>
  </datafield>
  <datafield tag="210" ind1=" " ind2=" ">
    <subfield code="d">1924</subfield>
  </datafield>
  <datafield tag="215" ind1=" " ind2=" ">
    <subfield code="a">234 &#x441;.</subfield>
  </datafield>
  <datafield tag="461" ind1=" " ind2="1">
    <subfield code="1">001RU\NLR\A1SV\126372</subfield>
    <subfield code="1">2000#$v[&#x422;.3]</subfield>
    <subfield code="9">9912203</subfield>
    <subfield code="a">&#x423;&#x44D;&#x43B;&#x43B;&#x441;, &#x413;. &#x414;. (1866-1946)</subfield>
    <subfield code="c">&#x41B;.</subfield>
    <subfield code="d">1924-1926</subfield>
    <subfield code="f">&#x41F;&#x43E;&#x434; &#x440;&#x435;&#x434;. &#x415;&#x432;&#x433;. &#x417;&#x430;&#x43C;&#x44F;&#x442;&#x438;&#x43D;&#x430;</subfield>
    <subfield code="n">&#x41C;&#x44B;&#x441;&#x43B;&#x44C;</subfield>
    <subfield code="t">&#x421;&#x43E;&#x431;&#x440;&#x430;&#x43D;&#x438;&#x435; &#x441;&#x43E;&#x447;&#x438;&#x43D;&#x435;&#x43D;&#x438;&#x439; &#x413;&#x435;&#x440;&#x431;&#x435;&#x440;&#x442;&#x430; &#x423;&#x44D;&#x43B;&#x43B;&#x441;&#x430;</subfield>
    <subfield code="v">[&#x422;.3]</subfield>
  </datafield>
  <datafield tag="702" ind1=" " ind2="1">
    <subfield code="a">&#x411;&#x430;&#x440;&#x432;&#x435;&#x43D;&#x43A;&#x43E;&#x432;&#x430;</subfield>
    <subfield code="b">&#x422;.</subfield>
  </datafield>
  <datafield tag="801" ind1=" " ind2="0">
    <subfield code="a">RU</subfield>
    <subfield code="b">NLR</subfield>
    <subfield code="c">20140507</subfield>
  </datafield>
  <datafield tag="852" ind1=" " ind2=" ">
    <subfield code="a">NLR</subfield>
    <subfield code="j">12/319</subfield>
  </datafield>
  <datafield tag="852" ind1=" " ind2=" ">
    <subfield code="a">NLR</subfield>
    <subfield code="j">12/319&#x430;</subfield>
  </datafield>
  <datafield tag="942" ind1=" " ind2=" ">
    <subfield code="c">BOOK</subfield>
  </datafield>
  <datafield tag="980" ind1=" " ind2=" ">
    <subfield code="a">A1SV</subfield>
  </datafield>
  <datafield tag="980" ind1=" " ind2=" ">
    <subfield code="a">NB</subfield>
  </datafield>
</record>
